Punjab urban water supply and sanitation project... (Record no. 531855)
[ view plain ]
| 000 -LEADER | |
|---|---|
| fixed length control field | 00240nam a2200097 4500 |
| 040 ## - CATALOGING SOURCE | |
| Transcribing agency | DLC |
| 082 ## - DEWEY DECIMAL CLASSIFICATION NUMBER | |
| Classification number | 363.7 |
| Author Mark | MOT |
| 100 ## - MAIN ENTRY--PERSONAL NAME | |
| Personal name | Mott MacDonald Inst. |
| 9 (RLIN) | 24973 |
| 245 ## - TITLE STATEMENT | |
| Title | Punjab urban water supply and sanitation project... |
| 942 ## - ADDED ENTRY ELEMENTS (KOHA) | |
| Source of classification or shelving scheme | |
| Koha item type | Book |
| Withdrawn status | Lost status | Source of classification or shelving scheme | Damaged status | Not for loan | Permanent Location | Current Location | Date acquired | Total Checkouts | Full call number | Barcode | Date last seen | Date last checked out | Price effective from | Koha item type |
|---|---|---|---|---|---|---|---|---|---|---|---|---|---|---|
| School of Civil and Environmental Engineering (SCEE) | School of Civil and Environmental Engineering (SCEE) | 10/29/2019 | 1 | 363.7 MOT | NIT-12793 | 02/13/2024 | 10/29/2019 | 10/29/2019 | Book |
